000 01123nam a2200289 a 4500
003 MX-MxUPN
005 20260221063941.0
008 991125s1932 sp fr 000 0 spa d
035 _aUPN01000033221
040 _aMX-MxUPN
_bspa
_cMX-MxUPN
041 _aspa
_hger
050 4 _aLB537
_bF7.38
100 1 _aFritzsch, Theodor,
_d1898-
_930327
245 1 0 _aJuan Federico Herbart
260 _aBarcelona :
_bEditorial Labor,
_c1932.
300 _a208 páginas, [4] hojas de láminas.
490 0 _aColección Labor. Biblioteca de iniciación cultural. Educación ;
_vno. 303
600 1 2 _aHerbart, Johann Friedrich,
_d1776-1841
_930504
650 4 _aEducación
_xFilosofía
_94994
700 1 _953001
_aRovira i Ermengol, Josep
_etraducción
710 2 _951335
_aMuseo Pedagógico Nacional (México)
_epropietario anterior
710 2 _928505
_aInstituto Federal de Capacitación del Magisterio (México)
_epropietario anterior
710 1 _951349
_aMéxico.
_bSecretaría de Educación Pública.
_bBiblioteca Pública
_epropietario anterior
902 _bMaríaRobles/030924
905 _aLibro
942 _2lcc
_cLIBRO
_n0
999 _c33221
_d33221